[Event "Edmonton op"]
[Site "Edmonton"]
[Date "2008.07.17"]
[Round "3"]
[White "Motuz, Vitaly"]
[Black "Razzaq, Ali"]
[Result "1/2-1/2"]
[WhiteElo "1797"]
[BlackElo "1869"]
[PlyCount "121"]
[EventDate "2008.07.03"]
[EventType "swiss"]
[EventRounds "5"]
[EventCountry "CAN"]
[SourceTitle "EXT 2011"]
[Source "ChessBase"]
[SourceDate "2010.11.26"]
[SourceVersion "1"]
[SourceVersionDate "2010.11.26"]
[SourceQuality "1"]

1. e4 c6 2. d4 d5 3. Nc3 dxe4 4. Nxe4 Nd7 5. Bc4 Ngf6 6. Ng3 e6 7. Nf3 Be7 8. 0-0 0-0 9. Re1 b5 10. Bb3 Nb6 11. Ne5 Qc7 12. c4 bxc4 13. Nxc4 Nxc4 14. Bxc4 Bb7 15. Be3 c5 16. Rc1 Qc6 17. Bf1 Nd5 18. Bd2 Qb6 19. Nh5 cxd4 20. Bh6 gxh6 21. Qg4+ Bg5 22. h4 f5 23. Qg3 Kf7 24. hxg5 Rg8 25. Nf4 Rxg5 26. Nxd5 Bxd5 27. Rc7+ Kg8 28. Qe5 Rf8 29. Rec1 d3 30. Rc8 Qb4 31. R1c5 Rxc8 32. Rxc8+ Kf7 33. Rc7+ Kg6 34. Rg7+ Kh5 35. Qh2+ Qh4 36. Qxh4+ Kxh4 37. g3+ Kg4 38. Rxa7 Rh5 39. Rg7+ Kf3 40. Bxd3 Bxa2 41. b4 e5 42. b5 e4 43. Bf1 Rg5 44. Rxg5 hxg5 45. b6 Bd5 46. Ba6 e3 47. fxe3 Kxe3 48. b7 Bxb7 49. Bxb7 f4 50. gxf4 Kxf4 51. Bc8 h5 52. Kg2 g4 53. Bxg4 hxg4 54. Kf2 g3+ 55. Kg2 Kg4 56. Kg1 Kh3 57. Kh1 Kg4 58. Kg2 Kh4 59. Kg1 Kg4 60. Kg2 Kh4 61. Kg1 1/2-1/2

[Event "Edmonton Halloween op"]
[Site "Edmonton"]
[Date "2007.10.11"]
[Round "2"]
[White "Motuz, Vitaly"]
[Black "Gardner, Robert"]
[Result "0-1"]
[WhiteElo "1794"]
[BlackElo "2260"]
[PlyCount "128"]
[EventDate "2007.10.04"]
[EventType "swiss"]
[EventRounds "4"]
[EventCountry "CAN"]
[SourceTitle "EXT 2022"]
[Source "ChessBase"]
[SourceDate "2021.10.06"]
[SourceVersion "1"]
[SourceVersionDate "2021.10.06"]
[SourceQuality "1"]

1. e4 c5 2. Nf3 d6 3. d4 cxd4 4. Nxd4 Nf6 5. Nc3 a6 6. Bd3 Nc6 7. Nxc6 bxc6 8. 0-0 e5 9. f4 Be7 10. Qe1 0-0 11. Be3 Ng4 12. Bd2 Qb6+ 13. Kh1 exf4 14. Bxf4 Qxb2 15. Rb1 Qa3 16. Rb3 Qc5 17. Na4 Qh5 18. Nb6 Be6 19. Nxa8 Bxb3 20. cxb3 Rxa8 21. Qg3 Ne5 22. Bxe5 Qxe5 23. Qxe5 dxe5 24. Bc4 Bf6 25. Rd1 Kf8 26. Rd6 Rc8 27. Bxa6 Rc7 28. Bc4 Ke7 29. Rd1 Bg5 30. Kg1 Be3+ 31. Kf1 g6 32. Ke2 Bd4 33. Rf1 f6 34. g4 Rd7 35. Rd1 Rd8 36. a4 Rh8 37. h4 h5 38. g5 fxg5 39. hxg5 h4 40. Rh1 h3 41. a5 h2 42. a6 Bg1 43. Kf3 Kd6 44. Ke2 Rf8 45. Kd2 Kc7 46. Kc3 Rf4 47. b4 Kb6 48. Kb3 Rg4 49. Bd3 Rxg5 50. Ka4 Rg3 51. Bf1 g5 52. b5 cxb5+ 53. Bxb5 g4 54. Kb4 Re3 55. Bf1 Rxe4+ 56. Kc3 Re1 57. Bg2 Re2 58. Bb7 g3 59. Kd3 Re3+ 60. Kd2 e4 61. Kd1 g2 62. Rxg1 hxg1Q+ 63. Kd2 Qf2+ 64. Kd1 g1Q# 0-1